| 000 | 00428cam a22001217a 4500 | ||
|---|---|---|---|
| 999 |
_c503988 _d503988 |
||
| 008 | 180718b2012 xxu||||| |||| 00| 0 eng d | ||
| 082 | _aZ4x54 In2h | ||
| 100 |
_aInstitute of applied manpower research _9710 |
||
| 245 |
_a Human capital requirements in agriculture and allied sectors _cInstitute of applied manpower research |
||
| 260 |
_aNew Delhi _bInstitute of applied manpower research _c2012 |
||
| 300 | _a370p. | ||
| 942 | _2ddc | ||